| 000 | 00000nam##2200000za#4500 |
| 001 | 9.695247 |
| 003 | CaOODSP |
| 005 | 20210624234505 |
| 007 | cr ||||||||||| |
| 008 | 150407|2006||||xxc|||||o f|0| 0 eng|d |
| 040 | |aCaOODSP|beng |
| 043 | |an-cn--- |
| 086 | 1 |aYM20-8/2006E-PDF |
| 245 | 00|aTrends in democracy and citizenship / |h[electronic resource]|cby David M. Black. |
| 260 | |aOttawa - Ontario : |bLibrary of Parliament |c30 April 2006. |
| 300 | |a28p.|breferences |
| 590 | |a12-30-Supp|b2012-06-28 |
| 690 | 07|aCitizenship|2gcpds |
| 690 | 07|aSocial trends|2gcpds |
| 710 | 1 |aCanada. |bLibrary of Parliament. |
| 720 | 1 |aBlack, David M. |
| 775 | 08|tTendances en matière de démocratie et de civisme / |w(CaOODSP)9.639393 |
| 856 | 40|ahttp://publications.gc.ca|qPDF|s144 KB|uhttps://publications.gc.ca/collections/collection_2011/bdp-lop/YM20-8-2006-eng.pdf |